书目信息 |
| 题名: |
户外疯狂
|
|
| 作者: | 许愿 编著 | |
| 分册: | ||
| 出版信息: | 北京 农村读物出版社 2006 |
|
| 页数: | 215页 | |
| 开本: | 21cm | |
| 丛书名: | ||
| 单 册: | ||
| 中图分类: | G819 | |
| 科图分类: | ||
| 主题词: | 体育运动--基本知识 , 体育运动 | |
| 电子资源: | ||
| ISBN: | 7-5048-4747-X | |
| 000 | 00836nam0 2200241 450 | |
| 001 | 010040030383 | |
| 005 | 20061029084854.32 | |
| 010 | @a7-5048-4747-X@dCNY32.00 | |
| 100 | @a20060213d2006 em y0chiy0110 ea | |
| 101 | 0 | @achi |
| 102 | @aCN@b110000 | |
| 105 | @aa z 000yy | |
| 200 | 1 | @a户外疯狂@9hu wai feng kuang@e玩熟全套惊险户外运动@f许愿等编著 |
| 210 | @a北京@c农村读物出版社@d2006 | |
| 215 | @a215页@c图@d21cm | |
| 330 | @a本书图文并茂,介绍了滑水、冲浪、溯溪、溜索、蹦极、悠玻球等30多种时尚的户外运动方式,既可满足户外爱好者的需求,又为都市年轻人假日休闲提供了选择。 | |
| 517 | 1 | @a玩熟全套惊险户外运动@9wan shu quan tao jing xian hu wai yun dong |
| 606 | 0 | @a体育运动@x基本知识 |
| 606 | 0 | @a体育运动 |
| 690 | @aG819@v4 | |
| 701 | 0 | @a许愿@9xu yuan@4编著 |
| 801 | 0 | @aCN@bRENTIAN@c20061029 |
| 905 | @a10447@dG819@e11 | |
| 户外疯狂:玩熟全套惊险户外运动/许愿等编著.-北京:农村读物出版社,2006 |
| 215页:图;21cm |
| ISBN 7-5048-4747-X:CNY32.00 |
| 本书图文并茂,介绍了滑水、冲浪、溯溪、溜索、蹦极、悠玻球等30多种时尚的户外运动方式,既可满足户外爱好者的需求,又为都市年轻人假日休闲提供了选择。 |
| ● |
| 相关链接 |
|
|
|
|
正题名:户外疯狂
索取号:G819/11
 
预约/预借
| 序号 | 登录号 | 条形码 | 馆藏地/架位号 | 状态 | 备注 |
| 1 | 0388252 | 203882520 | 第一样本阅览室/ [索取号:G819/11] | 在馆 | |
| 2 | 0388253 | 203882539 | 第四借阅区/ [索取号:G819/11] | 在馆 | |
| 3 | 0388254 | 203882548 | 第四借阅区/ [索取号:G819/11] | 在馆 | |
| 4 | 0388255 | 203882557 | 第四借阅区/ [索取号:G819/11] | 在馆 | |
| 5 | 0388256 | 203882566 | 第四借阅区/ [索取号:G819/11] | 在馆 |